Interior. Exterior. The Works of Eva Jiricna : práce Evy Jiřičné

Salvato in:
Dettagli Bibliografici
Natura: Libro
Pubblicazione: Praha : Prostor, 2005
Soggetti:
Tags: Aggiungi Tag
Nessun Tag, puoi essere il primo ad aggiungerne!!

MARC

LEADER 00000nam a22000003a 4500
001 stu100754
005 20141122114140.4
008 051227s2005----------------------------d
020 |a 80-903257-7-7 
040 |a STU  |b slo 
041 0
245 |a Interior. Exterior. The Works of Eva Jiricna :  |b práce Evy Jiřičné 
260 |a Praha :  |b Prostor,  |c 2005 
300 |a 192 s 
650 7 |a Jiřičná Eva-o nej  |2 stusub 
650 7 |a architekti európski  |2 stusub 
650 7 |a interiér  |2 stusub 
650 7 |a architekti českí  |2 stusub 
996 |b 284AU01826  |c A*4482 U  |l AAKNAR  |s A  |a 24  |w stu100754_0001 
996 |b 284AU01824  |c A*4480 U  |l AAKNST  |s P  |a 0  |w stu100754_0002 
996 |b 284AU05154  |c A*7885 U  |l AAKNAR  |s A  |a 24  |w stu100754_0003 
996 |b 284AU01827  |c A*4483 U  |l AAKNAR  |s A  |a 24  |w stu100754_0004 
996 |b 284AU01825  |c A*4481 U  |l AAKNAR  |s A  |a 24  |w stu100754_0005 
996 |b 284AU08190  |c A* 11447/U  |l AAKNAR  |s A  |a 24  |w stu100754_0006